Growing Pains How to Make the Transition from an Entrepreneurship to a Professionally Managed Firm

Guardado en:
Detalles Bibliográficos
Autor principal: Flamholtz, Eric G.
Formato: Libro
Lenguaje:inglés
Publicado: San Francisco Jossey-Bass Publ. 1990
Edición:1. ed.
Colección:<The> Jossey-Bass Management Series
Materias:
Etiquetas: Agregar Etiqueta
Sin Etiquetas, Sea el primero en etiquetar este registro!

MARC

LEADER 00000nam a2200000 4500
001 c019745
005 20221206122940.8
020 |a 1-55542-272-1 
041 0 |a eng 
044 |a US 
245 1 0 |a Growing Pains  |b How to Make the Transition from an Entrepreneurship to a Professionally Managed Firm  |c Eric G. Flamholtz 
250 |a 1. ed. 
264 1 |a San Francisco  |b Jossey-Bass Publ.  |c 1990 
300 |a 407 s. 
490 1 |a <The> Jossey-Bass Management Series 
830 0 |a <The> Jossey-Bass Management Series 
610 2 0 |a zmeny organizačné 
610 2 0 |a riadenie 
610 2 0 |a riadenie podnikové 
610 2 0 |a riadenie vnútropodnikové 
610 2 0 |a podnik 
610 2 0 |a podnikanie 
610 2 0 |a podnikanie obchodné 
100 1 |a Flamholtz, Eric G.